| 000 | 00839nam a2200229 i 4500 | ||
|---|---|---|---|
| 001 | 17534 | ||
| 003 | ES-MaACL | ||
| 005 | 20250814080952.0 | ||
| 007 | t| | ||
| 008 | 010329m19791995sp ||||1| spa d | ||
| 020 | _a84-283-0871-3 | ||
| 080 | _a56(075.8) | ||
| 100 | 1 |
_aMeléndez, Bermudo, _d1912-1999 _979905 |
|
| 245 | 1 | 0 |
_aPaleontología / _cBermudo Meléndez. |
| 260 |
_aMadrid : _bParaninfo, _c1979-1995. |
||
| 300 |
_a4 v. ; _c22 cm. |
||
| 500 | _aEl tomo IV de paleobotánica no se llegó a publicar. | ||
| 505 | 8 | _aContiene: 1. Parte general e invertebrados (3ª ed. rev. y ampl.) -- 2. Vertebrados : peces, anfibios, reptiles y aves -- 3.1. Mamíferos (1ª parte) -- 3.2. Mamíferos (2ª parte) | |
| 650 | 0 | 7 |
_aPaleontología _2embne _915808 |
| 852 |
_aES-MaACL _jL-12405-8 _bR.104141 |
||
| 999 |
_c17534 _d17534 |
||